00630nam a2200181 i 450000100060000000300090000600500170001500700030003200800410003510000240007624500890010026000300018930000300021970000280024985200320027799900170030995201220032684514ES-MaACL20230906175028.0t|041123s1967 sp ||||1| spa d1 aJohns, D. J.96673110aAnálisis de la tensión térmica / cD.J. Johns ; traducido por A. Lago Hermida. aBilbao : bUrmo, c[1967] a215 p. : bil. ; c24 cm.1 aLago Hermida, A.969589 aES-MaACLjC-38028 bR.72665 c84514d84514 00104070aATENEOMbATENEOMcDEPO2d2008-01-17eSCl0oC-38028p1088319r2023-02-23 00:00:00w2023-02-23yMONOGRAFIA